000 00300nam a22001097a 4500
008 230606b xxu||||| |||| 00| 0 eng d
082 _a342.363
245 _aBasic Law For The Federal Republic of Germany
_cGerman Bundestag
260 _aGerman
_bGerman Bundestag
_c2008
300 _a94 p
942 _2ddc
_cBK
999 _c547
_d547